Úprava základu dane o neuhradené záväzky

Záväzkový vzťah je právny vzťah, v ktorom je jeden účastník (dlžník) povinný niečo plniť druhému účastníkovi (veriteľovi) a ten je oprávnený plnenie vyžadovať. Z hľadiska dlžníka sa povinnosť plniť označuje ako dlh, záväzok, povinnosť, z hľadiska veriteľa sa právo vyžadovať plnenie označuje ako pohľ...

ver descrição completa

Na minha lista:
Detalhes bibliográficos
Autor principal: Vanková, Lucia
Formato: Capítulo de Livro
Idioma:eslovaco
Assuntos:
Tags: Adicionar Tag
Sem tags, seja o primeiro a adicionar uma tag!

MARC

LEADER 00000naa a2200000 4500
001 0304628
005 20241016125721.3
041 0 |a slo 
044 |a SK 
245 1 0 |a Úprava základu dane o neuhradené záväzky  |c Lucia Vanková 
520 |a Záväzkový vzťah je právny vzťah, v ktorom je jeden účastník (dlžník) povinný niečo plniť druhému účastníkovi (veriteľovi) a ten je oprávnený plnenie vyžadovať. Z hľadiska dlžníka sa povinnosť plniť označuje ako dlh, záväzok, povinnosť, z hľadiska veriteľa sa právo vyžadovať plnenie označuje ako pohľadávka, právo. Daňová legislatíva upravuje vplyv záväzkových vzťahov na daň z príjmov na strane veriteľa aj na strane dlžníka. Dopady neuhradených záväzkov na základ dane z príjmov u dlžníka. 
610 2 0 |a základ dane 
610 2 0 |a záväzky 
610 2 0 |a dlžníci 
610 2 0 |a veritelia 
610 2 0 |a pohľadávky 
610 2 0 |a dane z príjmov 
610 2 0 |a vzťahy právne 
610 2 0 |a legislatíva 
100 1 |a Vanková, Lucia